00862nam a2200205Ia 4500003000400000005001700004008004100021020001500062040002100077041000800098082001800106100011700124245003400241250002200275260005500297300002900352490001200381520024300393650002000636OSt20250429160118.0191128s1981 sp er 000 f spa d a9681605020 aCO-JMCRcCO-JMCR aspa04aA-NbRULp2231 aRulfo, Juan, eautor10aPedro Páramo / cJuan Rulfo aSegunda edición aMéxico : bFondo de Cultura Económica, c1981. a159 Páginas ; c17 cm.0 aPopular aEn 1955 aparece Pedro Páramo. Novela gestada largamente por un escritor con fama de poco prolífico y que aunó la propia tradición narrativa hispanoamericana con los principales renovadores de la occidental: Joyce, Faulkner, Woolf.14aNovela mexicana